Guess the Taylor Swift Song with No Hints - 12 - Statistics

General Stats
  • This quiz has been taken 43 times
    18 since last reset
  • The average score is 370 of 439
Answer Stats
Answer % Correct
a
100%
I
100%
in
100%
love
100%
my
100%
You
100%
you
100%
you,
100%
And
94%
But
94%
but
94%
ever
94%
for
94%
"For
94%
I'm
94%
"I'm
94%
it
94%
it)
94%
it's
94%
It's
94%
"It's
94%
just
94%
know
94%
know,
94%
me
94%
No
94%
Said
94%
that
94%
true
94%
your
94%
you're
94%
back
88%
be
88%
don't
88%
Every
88%
from
88%
if
88%
I've
88%
like
88%
night
88%
say
88%
So
88%
the
88%
thing
88%
to
88%
waiting
88%
want
88%
wasn't
88%
We're
88%
What
88%
what
88%
with
88%
you'll
88%
ain't
82%
baby
82%
bar
82%
bleed,
82%
blue,
82%
body
82%
car
82%
coming
82%
cried
82%
cruel
82%
devil
82%
dice,
82%
drunk
82%
fine"
82%
garden
82%
gate
82%
got
82%
He
82%
heard
82%
heard"
82%
high
82%
home
82%
kill
82%
last
82%
looks
82%
more
82%
not
82%
of
82%
(oh
82%
oh
82%
(oh)
82%
screamed
82%
seal
82%
shape
82%
snuck
82%
summer
82%
summer,
82%
tell
82%
through
82%
wanna
82%
whatever
82%
worst
82%
worth
82%
Devils
76%
doesn't
76%
dream
76%
eyes
76%
fate
76%
feeling
76%
Fever
76%
heaven
76%
keep
76%
makes
76%
quiet
76%
rules
76%
secrets
76%
that's
76%
their
76%
these
76%
trying
76%
always
71%
angels
71%
Bad,
71%
bad
71%
boy,
71%
breakable
71%
'em
71%
grinnin'
71%
machine
71%
new,
71%
out
71%
roll
71%
times
71%
up
71%
up,
71%
window
71%
cool",
65%
cool"
65%
cut
65%
head
65%
Killing
65%
low
65%
ooh,
65%
right,
65%
shiny
65%
slow,
65%
toy
65%
we'll
65%
yeah,
65%
(yeah,
65%
yeah)
65%
(Yeah,
65%
bought
59%
caught
59%
glow
59%
headlights,
59%
knife
59%
price
59%
summer's
59%
vending
59%
below
53%
dying
53%
Hang
53%
screw
53%
bone
47%
whoah-oh
35%
whoa-oh
24%
No matching quizzes found
Score Distribution
Percent of People with Each Score
Percentile by Number Answered
Your Score History
You have not taken this quiz since the last reset